00710nam a2200229 a 4500001001300000003000900013005001700022008004100039020002300080082001600103100002100119245008100140260003100221300000900252500003500261650001300296650002200309902000800331942000700339952011700346999001700463nice12345678IN_TiNIC20260116014345.0100121s2009 dela grp 000 0 eng  a8189110209 c99500a305.4bJOS1 aJoshi, Subhash R aFeminist Development Communicationb Empowering Women in the Information Era aDelhi bWomen Press c2009 a376p aincludes index and biblioraphy aFeminism aWomen-Empowerment bSRS cBK 001040708StackRoom-aHMIbHMId2010-01-21g995.00l0o305.4 JOS1p023100r2010-01-21v995.00w2010-01-21yBK c14961d14961